| 000 | 00499nam a2200205Ia 4500 | ||
|---|---|---|---|
| 003 | OSt | ||
| 005 | 20230627153104.0 | ||
| 008 | 210423s9999 xx 000 0 und d | ||
| 040 | _cAL | ||
| 041 | _aeng | ||
| 082 |
_a303.484 _223 _bAGAS |
||
| 100 |
_aRAJ (Sebasti L) _9113331 |
||
| 245 | _aSocial action journal | ||
| 260 |
_bIndian Social Institute _c2021 |
||
| 365 | _cINR | ||
| 440 | _v46-2 | ||
| 650 |
_aSocial Change _9113332 |
||
| 906 | _aaction ; journal. ; Social | ||
| 942 |
_2ddc _cBK |
||
| 999 |
_c173092 _d173092 |
||